| 000 | 00399cam a2200145ua 4500 | ||
|---|---|---|---|
| 041 |
_aeng _h |
||
| 082 |
_a824 _bNEW/ON |
||
| 100 | _aNewman, John Henry . | ||
| 245 |
_aOn the scope and nature of the University education / _cJohn Henry Newman. _hTextual Documents |
||
| 260 |
_aLondon : _bJ M Dent and Sons Ltd , _c1961. |
||
| 300 | _a245 ; . | ||
| 504 | _a | ||
| 942 | _cBK | ||
| 999 |
_c11853 _d11853 |
||